000 00614cam a2200217 4500
008 090401t1985 xxu||||| |||| 00| 0 eng d
020 _a0946700176
035 _a(Sirsi) u34057
041 _aeng
050 _a346.4104342
100 _aStapleton, Tim
245 _aService charges
260 _aLondon
_bHenry Stewart Publications
_c1985
300 _a32p. ; 22cm.
350 _a0
490 _aHenry Stewart Briefings for Surveyors
_v5
520 _aPublished jointly with Portsmouth Polytechnic Department of Surveying .
650 _aRESIDENTIAL PROPERTY
_96266
942 _n0
948 _c04/03/1997
999 _c89901
_d89901